[Event "BCF-chT2 2324 (4NCL)"]
[Site "England"]
[Date "2023.11.11"]
[Round "2.53"]
[White "Thorarinsson, Pall A"]
[Black "Hng, Mei En Emmanuelle"]
[Result "0-1"]
[WhiteElo "2182"]
[BlackElo "2125"]
[PlyCount "86"]
[EventDate "2023.11.11"]
[EventType "team-tourn"]
[EventRounds "11"]
[EventCountry "ENG"]
[SourceTitle "CB46_2023"]
[SourceDate "2023.11.15"]
[SourceVersion "1"]
[SourceVersionDate "2023.11.15"]
[SourceQuality "1"]
[WhiteTeam "Gonzaga"]
[BlackTeam "Schach Attack"]
[WhiteTeamCountry "ENG"]
[BlackTeamCountry "ENG"]

1. Nf3 c5 2. c4 Nf6 3. Nc3 e6 4. g3 Nc6 5. Bg2 d5 6. cxd5 exd5 7. d4 Be7 8. 0-0 0-0 9. Bg5 Be6 10. dxc5 Bxc5 11. Rc1 Be7 12. Nd4 h6 13. Nxe6 fxe6 14. Bxf6 Bxf6 15. Qb3 Qe7 16. e4 dxe4 17. Nxe4 Bd4 18. Kh1 Rad8 19. Bh3 Rfe8 20. f4 Kh8 21. Rce1 Bb6 22. Qf3 Qf7 23. Rd1 Nd4 24. Qc3 Qg6 25. Bg2 Rc8 26. Qd3 Red8 27. Nc3 Nf5 28. Qf3 Ne3 29. Rxd8+ Rxd8 30. Re1 Qc2 31. Rxe3 Qc1+ 32. Bf1 Bxe3 33. Ne2 Qe1 34. Kg2 Rd1 35. Nc3 Rd2+ 36. Ne2 Bb6 37. f5 exf5 38. g4 Rxb2 39. gxf5 Qh4 40. a4 Ra2 41. a5 Bc5 42. a6 bxa6 43. h3 Ra3 0-1

[Event "BCF-chT 2223 (4NCL)"]
[Site "England"]
[Date "2023.02.11"]
[Round "5.6"]
[White "Harvey, Marcus Ross"]
[Black "Thorarinsson, Pall A"]
[Result "1-0"]
[WhiteElo "2463"]
[BlackElo "2168"]
[PlyCount "185"]
[EventDate "2022.10.22"]
[EventType "team-swiss"]
[EventRounds "11"]
[EventCountry "ENG"]
[SourceTitle "CBM 213 Extra"]
[Source "ChessBase"]
[SourceDate "2023.05.31"]
[SourceVersion "1"]
[SourceVersionDate "2023.05.31"]
[SourceQuality "1"]
[WhiteTeam "Wood Green"]
[BlackTeam "Gonzaga"]
[WhiteTeamCountry "ENG"]
[BlackTeamCountry "ENG"]

1. c4 c5 2. Nf3 g6 3. d4 cxd4 4. Nxd4 Bg7 5. e4 Nc6 6. Be3 Nf6 7. Nc3 d6 8. Be2 0-0 9. 0-0 Nxd4 10. Bxd4 Bd7 11. Qd2 Bc6 12. f3 a5 13. Rfd1 Nd7 14. Be3 Nc5 15. Rac1 a4 16. Rc2 Qa5 17. Rb1 Rfc8 18. Bf1 Kf8 19. Qf2 Kg8 20. Kh1 Qb4 21. Bd2 Qa5 22. Qh4 Bf6 23. Qe1 Qd8 24. Be3 Qa5 25. Rbc1 Ne6 26. Qd2 h5 27. Bd3 Nd4 28. Bxd4 Bxd4 29. Re1 h4 30. a3 Bg7 31. Qf2 Qh5 32. Ne2 Qh8 33. Rb1 Ra5 34. Nf4 Be5 35. Nd5 Bxd5 36. exd5 Qf6 37. Qe3 Rac5 38. Re2 R8c7 39. Qe4 Qf4 40. Qxf4 Bxf4 41. Re4 Bg5 42. Kg1 Bf6 43. Kf2 Rc8 44. Rbe1 Kf8 45. R1e2 Ra8 46. Rc2 Ra6 47. Bf1 Rb6 48. Ree2 Bd4+ 49. Ke1 Be5 50. h3 Rb3 51. Kd1 Bf4 52. Re4 g5 53. Rd4 Be5 54. Rdd2 Kg7 55. Re2 b5 56. cxb5 Rcxb5 57. Rxe5 dxe5 58. Bxb5 Rxb5 59. Rd2 f5 60. Kc2 Rc5+ 61. Kb1 Rc4 62. b3 axb3 63. Kb2 Rc5 64. Kxb3 e4 65. fxe4 fxe4 66. Kb4 e3 67. Rd3 Rc2 68. Rxe3 Rxg2 69. Rxe7+ Kf6 70. Re8 Rd2 71. Kc5 Rc2+ 72. Kb6 Rd2 73. Kc6 Rc2+ 74. Kb6 Rd2 75. Kc5 Rc2+ 76. Kb4 Rd2 77. Kc4 Rc2+ 78. Kd3 Ra2 79. d6 Rxa3+ 80. Kc4 Ra7 81. Kd5 Kf7 82. Re3 Ra5+ 83. Kc6 Ra6+ 84. Kc7 Ra7+ 85. Kb6 Ra1 86. d7 Rd1 87. Kc7 Rc1+ 88. Kd8 Ra1 89. Rc3 Ra8+ 90. Kc7 Ra7+ 91. Kc6 Ra8 92. Kb7 Rd8 93. Kc7 1-0

[Event "BCF-chT 2122 (4NCL)"]
[Site "England"]
[Date "2022.02.12"]
[Round "3.73"]
[White "Grant, David J"]
[Black "Thorarinsson, Pall A"]
[Result "0-1"]
[WhiteElo "2080"]
[BlackElo "2166"]
[PlyCount "46"]
[EventDate "2021.11.27"]
[EventType "team-swiss"]
[EventRounds "11"]
[EventCountry "ENG"]
[SourceTitle "EXT 2023"]
[Source "ChessBase"]
[SourceDate "2022.10.05"]
[SourceVersion "1"]
[SourceVersionDate "2022.10.05"]
[SourceQuality "1"]
[WhiteTeam "Sussex Martlets"]
[BlackTeam "Gonzaga"]
[WhiteTeamCountry "ENG"]
[BlackTeamCountry "ENG"]

1. e4 c5 2. Nc3 e6 3. Nf3 a6 4. d4 cxd4 5. Nxd4 Qc7 6. Bd3 Nf6 7. 0-0 b5 8. Be3 Bb7 9. a3 b4 10. axb4 Bxb4 11. Ra4 Bxc3 12. bxc3 0-0 13. Rc4 Qd8 14. e5 Nd5 15. Qh5 f5 16. exf6 Nxf6 17. Qh3 e5 18. Nf5 d5 19. Qg3 Nh5 20. Qxe5 dxc4 21. Ne7+ Kh8 22. Qxh5 cxd3 23. Bg5 Qe8 0-1

[Event "BCF-chTb 1920 (4NCL)"]
[Site "Daventry"]
[Date "2020.02.08"]
[Round "5.86"]
[White "Bremner, Adam"]
[Black "Thorarinsson, Pall A"]
[Result "1-0"]
[WhiteElo "2148"]
[BlackElo "2189"]
[PlyCount "41"]
[EventDate "2019.11.09"]
[EventType "team-tourn"]
[EventRounds "11"]
[EventCountry "ENG"]
[SourceTitle "CBM 194 Extra"]
[Source "ChessBase"]
[SourceDate "2020.03.31"]
[SourceVersion "1"]
[SourceVersionDate "2020.03.31"]
[SourceQuality "1"]
[WhiteTeam "Grantham Sharks"]
[BlackTeam "Gonzaga"]
[WhiteTeamCountry "ENG"]
[BlackTeamCountry "ENG"]

1. d4 g6 2. Nf3 Bg7 3. g3 f5 4. Bg2 Nf6 5. 0-0 0-0 6. c4 d6 7. Nc3 Nc6 8. d5 Ne5 9. Nxe5 dxe5 10. c5 b6 11. b4 a5 12. d6 e4 13. Bf4 axb4 14. Nd5 exd6 15. cxb6 cxb6 16. Rc1 Ra5 17. Rxc8 Rxd5 18. Rxd8 Rxd8 19. Qb3 Kh8 20. Bg5 Rd4 21. Qb2 1-0

[Event "EU-Cup 35th"]
[Site "Ulcinj"]
[Date "2019.11.10"]
[Round "1.11"]
[White "Rogozenco, Dorian"]
[Black "Thorarinsson, Pall A"]
[Result "1-0"]
[WhiteElo "2484"]
[BlackElo "2208"]
[PlyCount "57"]
[EventDate "2019.11.10"]
[EventType "team-swiss"]
[EventRounds "7"]
[EventCountry "MNE"]
[SourceTitle "CBM 193 Extra"]
[Source "ChessBase"]
[SourceDate "2020.01.31"]
[SourceVersion "1"]
[SourceVersionDate "2020.01.31"]
[SourceQuality "1"]
[WhiteTeam "Lysa nad Labem Joly"]
[BlackTeam "Viking CC"]
[WhiteTeamCountry "CZE"]
[BlackTeamCountry "ISL"]

1. c4 c6 2. e4 e5 3. Nf3 d6 4. d4 Bg4 5. Be2 Nd7 6. 0-0 Be7 7. Nc3 Ngf6 8. Be3 0-0 9. Nd2 Bxe2 10. Qxe2 a6 11. d5 c5 12. Rab1 a5 13. b3 Ne8 14. Nf3 Nc7 15. a3 h6 16. Qd2 b6 17. Rb2 Rb8 18. Qe2 Bg5 19. Nxg5 hxg5 20. Qg4 f6 21. b4 axb4 22. axb4 Qe7 23. Rfb1 Kf7 24. bxc5 bxc5 25. Rb7 Rxb7 26. Rxb7 Rc8 27. Nb5 Ra8 28. h4 Ra1+ 29. Kh2 1-0

[Event "ISL-chT1 1920"]
[Site "Reykjavik"]
[Date "2019.10.05"]
[Round "4.4"]
[White "Tan, Justin Hy"]
[Black "Thorarinsson, Pall A"]
[Result "1-0"]
[WhiteElo "2510"]
[BlackElo "2216"]
[PlyCount "97"]
[EventDate "2019.10.03"]
[EventType "team-tourn"]
[EventRounds "9"]
[EventCountry "ISL"]
[SourceTitle "CBM 195 Extra"]
[Source "ChessBase"]
[SourceDate "2020.05.31"]
[SourceVersion "1"]
[SourceVersionDate "2020.05.31"]
[SourceQuality "1"]
[WhiteTeam "Taflfelag Gardjabaejar"]
[BlackTeam "Vikingaklubburinn II"]
[WhiteTeamCountry "ISL"]
[BlackTeamCountry "ISL"]

1. e4 d6 2. d4 Nf6 3. Nc3 g6 4. h3 c6 5. Nf3 b5 6. Bd3 b4 7. Ne2 Qc7 8. 0-0 Nbd7 9. c3 bxc3 10. Nxc3 Bg7 11. Be3 0-0 12. Qd2 c5 13. Rac1 cxd4 14. Bxd4 Bb7 15. Rfe1 Qd8 16. b4 a5 17. a3 axb4 18. axb4 Ra3 19. Nb5 Ra8 20. Qb2 e5 21. Bc3 Ba6 22. Ra1 Qb6 23. Ra5 Bb7 24. Bb1 Ba6 25. Na3 Rfc8 26. Ba2 h6 27. Qb3 Rf8 28. Nd2 Bb7 29. Nac4 Qc7 30. Qb2 Rxa5 31. Nxa5 Ba8 32. b5 Nc5 33. b6 Qb8 34. Qb5 Nfxe4 35. Nxe4 Nxe4 36. Bb4 Ng5 37. b7 Bxb7 38. Qxb7 Qxb7 39. Nxb7 Rb8 40. Bd5 Bf8 41. Rc1 Ne6 42. Bd2 Nd4 43. Rc7 Ne6 44. Rd7 h5 45. Be3 h4 46. Kh2 Rc8 47. Nxd6 Bxd6 48. Rxd6 Nf8 49. Bg5 1-0

[Event "Lvov Cup"]
[Site "Lvov"]
[Date "2019.08.18"]
[Round "2"]
[White "Thorarinsson, Pall A"]
[Black "Bogdanovich, Stanislav"]
[Result "0-1"]
[WhiteElo "2238"]
[BlackElo "2603"]
[PlyCount "66"]
[EventDate "2019.08.18"]
[EventType "swiss"]
[EventRounds "9"]
[EventCountry "UKR"]
[SourceTitle "EXT 2020"]
[Source "ChessBase"]
[SourceDate "2019.10.17"]
[SourceVersion "1"]
[SourceVersionDate "2019.10.17"]
[SourceQuality "1"]

1. d4 Nf6 2. Nf3 c5 3. c4 cxd4 4. Nxd4 e5 5. Nb5 d5 6. cxd5 Bc5 7. N5c3 0-0 8. e3 e4 9. Be2 Bf5 10. Nd2 Re8 11. Nb3 Bd6 12. Nd4 Bg6 13. 0-0 Nbd7 14. Ncb5 Be5 15. f4 exf3 16. gxf3 Nxd5 17. f4 Bxd4 18. Qxd4 N7f6 19. f5 Bh5 20. Bxh5 Nxh5 21. e4 Ndf6 22. Qxd8 Raxd8 23. Nxa7 Rxe4 24. Nb5 Rd3 25. Nc3 Rg4+ 26. Kh1 Rh3 27. Ne2 Rgh4 28. Bf4 Nxf4 29. Nxf4 Rxh2+ 30. Kg1 Ne4 31. Rae1 Rh1+ 32. Kg2 R4h2+ 33. Kf3 Rxf1+ 0-1

[Event "Dublin Irish op"]
[Site "Dublin"]
[Date "2019.04.21"]
[Round "8"]
[White "Thorarinsson, Pall A"]
[Black "Murray, David"]
[Result "1/2-1/2"]
[WhiteElo "2246"]
[BlackElo "2152"]
[PlyCount "94"]
[EventDate "2019.04.17"]
[EventType "swiss"]
[EventRounds "9"]
[EventCountry "IRL"]
[SourceTitle "CBM 189 Extra"]
[Source "ChessBase"]
[SourceDate "2019.06.03"]
[SourceVersion "1"]
[SourceVersionDate "2019.06.03"]
[SourceQuality "1"]

1. e4 c5 2. Nf3 Nc6 3. Bb5 g6 4. Bxc6 dxc6 5. d3 Bg7 6. h3 Nh6 7. Nc3 f6 8. Be3 b6 9. Qd2 Nf7 10. Nh2 e5 11. f4 Be6 12. g4 exf4 13. Bxf4 h5 14. 0-0-0 Qd7 15. Qg2 hxg4 16. Nxg4 0-0-0 17. Nf2 Bh6 18. Bxh6 Rxh6 19. Ng4 Bxg4 20. hxg4 Rdh8 21. Rxh6 Rxh6 22. Rf1 Qe6 23. Kb1 Rh4 24. a3 Rxg4 25. Rxf6 Rxg2 26. Rxe6 Kd7 27. Rf6 Ne5 28. b4 Ke7 29. Rf1 cxb4 30. axb4 g5 31. b5 cxb5 32. Nxb5 g4 33. Nd4 a5 34. Rf5 Nf7 35. Rb5 Nd6 36. Rxb6 g3 37. Nf5+ Nxf5 38. exf5 Rf2 39. Rg6 g2 40. Kb2 a4 41. d4 a3+ 42. Kxa3 Rxc2 43. Kb4 Rf2 44. Kc4 Rxf5 45. Rxg2 Kd7 46. Rg6 Rh5 47. d5 Rh1 1/2-1/2

[Event "Dublin Irish op"]
[Site "Dublin"]
[Date "2019.04.20"]
[Round "6"]
[White "Thorarinsson, Pall A"]
[Black "Doyle, Hugh"]
[Result "1/2-1/2"]
[WhiteElo "2246"]
[BlackElo "2042"]
[PlyCount "110"]
[EventDate "2019.04.17"]
[EventType "swiss"]
[EventRounds "9"]
[EventCountry "IRL"]
[SourceTitle "CBM 189 Extra"]
[Source "ChessBase"]
[SourceDate "2019.06.03"]
[SourceVersion "1"]
[SourceVersionDate "2019.06.03"]
[SourceQuality "1"]

1. Nf3 g6 2. c4 Bg7 3. Nc3 e5 4. g3 Ne7 5. Bg2 c5 6. 0-0 Nbc6 7. a3 d6 8. Rb1 a5 9. d3 Rb8 10. Bg5 f6 11. Bd2 Be6 12. Ne1 0-0 13. Nc2 d5 14. cxd5 Nxd5 15. Nxd5 Bxd5 16. Bxd5+ Qxd5 17. Ne3 Qe6 18. Nc4 b6 19. b4 axb4 20. axb4 e4 21. Bf4 Rbd8 22. bxc5 exd3 23. exd3 bxc5 24. Rb6 Qd5 25. Ne3 Qd7 26. Nc4 Qd5 27. Be3 Nb4 28. Qb3 Qxd3 29. Qxd3 Nxd3 30. Rd1 f5 31. Rb3 Ne5 32. Rxd8 Rxd8 33. Nxe5 Bxe5 34. Bxc5 Rd7 35. Kg2 Kf7 36. Rb6 Bf6 37. Be3 Kg7 38. h4 Bd4 39. Bxd4+ Rxd4 40. Rb7+ Kg8 41. Kf3 Ra4 42. h5 gxh5 43. Rb5 h4 44. gxh4 Rxh4 45. Rxf5 Ra4 46. Kg3 Kg7 47. f4 Kg6 48. Rg5+ Kf6 49. Rb5 Ra7 50. Rb6+ Kf5 51. Rb5+ Kf6 52. Kg4 Rg7+ 53. Kf3 Re7 54. Rb6+ Kf5 55. Rb5+ Kf6 1/2-1/2

[Event "EU-Cup 34th"]
[Site "Porto Carras"]
[Date "2018.10.18"]
[Round "7.3"]
[White "Cumming, Rhys"]
[Black "Thorarinsson, Pall A"]
[Result "0-1"]
[WhiteElo "2224"]
[BlackElo "2270"]
[PlyCount "70"]
[EventDate "2018.10.12"]
[EventType "team-swiss"]
[EventRounds "7"]
[EventCountry "GRE"]
[SourceTitle "CBM 187"]
[Source "ChessBase"]
[SourceDate "2018.12.11"]
[SourceVersion "1"]
[SourceVersionDate "2018.12.11"]
[SourceQuality "1"]
[WhiteTeam "3Cs"]
[BlackTeam "Viking CC"]
[WhiteTeamCountry "ENG"]
[BlackTeamCountry "ISL"]

1. e4 e6 2. d4 d5 3. Nd2 Nc6 4. Ngf3 Nf6 5. e5 Nd7 6. Nb3 a5 7. a4 b6 8. Bb5 Na7 9. Bd3 Be7 10. 0-0 c5 11. c4 Ba6 12. cxd5 c4 13. dxe6 cxd3 14. exf7+ Kxf7 15. Re1 Nf8 16. Ng5+ Bxg5 17. Bxg5 Qd5 18. e6+ Nxe6 19. Re5 Qb7 20. Qg4 Nxg5 21. Rae1 Rhf8 22. Qxg5 Nc6 23. Re6 Kg8 24. d5 Qf7 25. f4 Nb4 26. Re7 Qg6 27. Qe5 Bc4 28. f5 Rxf5 29. Rxg7+ Qxg7 30. Qxf5 Bxd5 31. Qf2 Rf8 32. Qd2 Bxb3 33. Re3 Bf7 34. Rg3 Bg6 35. h4 Qd4+ 0-1

[Event "EU-Cup 34th"]
[Site "Porto Carras"]
[Date "2018.10.15"]
[Round "4.3"]
[White "Mansner, Harry"]
[Black "Thorarinsson, Pall A"]
[Result "1/2-1/2"]
[WhiteElo "2278"]
[BlackElo "2270"]
[PlyCount "108"]
[EventDate "2018.10.12"]
[EventType "team-swiss"]
[EventRounds "7"]
[EventCountry "GRE"]
[SourceTitle "CBM 187"]
[Source "ChessBase"]
[SourceDate "2018.12.11"]
[SourceVersion "1"]
[SourceVersionDate "2018.12.11"]
[SourceQuality "1"]
[WhiteTeam "Comeon"]
[BlackTeam "Viking CC"]
[WhiteTeamCountry "FIN"]
[BlackTeamCountry "ISL"]

1. d4 d5 2. c4 dxc4 3. Nf3 Nf6 4. e3 e6 5. Bxc4 c5 6. 0-0 a6 7. b3 b5 8. Be2 Bb7 9. Bb2 Nbd7 10. a4 b4 11. Nbd2 Be7 12. Nc4 a5 13. Nfe5 cxd4 14. Nxd7 Nxd7 15. Qxd4 Bf6 16. Qd6 Bxb2 17. Nxb2 Qg5 18. e4 Bxe4 19. f3 Bd5 20. Bb5 Qe7 21. Qc7 0-0 22. Qxd7 Qc5+ 23. Kh1 Ra7 24. Rac1 Qb6 25. Qc8 Bxb3 26. Qc5 Qb8 27. Nd3 Bd5 28. Ne5 Rd8 29. Nc6 Bxc6 30. Qxc6 g6 31. Rfd1 Rxd1+ 32. Rxd1 Qe5 33. h3 Rc7 34. Qa8+ Kg7 35. Qxa5 b3 36. Qe1 Qxe1+ 37. Rxe1 b2 38. Bd3 Rc1 39. Rg1 Rc3 40. Bb1 Ra3 41. Rd1 Rxa4 42. Rd2 Rb4 43. Kg1 h5 44. g3 g5 45. Kg2 f5 46. Rd7+ Kf6 47. Rd3 e5 48. Rd2 g4 49. fxg4 hxg4 50. Rf2 gxh3+ 51. Kxh3 f4 52. Kg4 Ke6 53. gxf4 Rxf4+ 54. Rxf4 exf4 1/2-1/2

[Event "EU-Cup 34th"]
[Site "Porto Carras"]
[Date "2018.10.13"]
[Round "2.3"]
[White "Thorarinsson, Pall A"]
[Black "Budima, Armend"]
[Result "1/2-1/2"]
[WhiteElo "2270"]
[BlackElo "2202"]
[PlyCount "118"]
[EventDate "2018.10.12"]
[EventType "team-swiss"]
[EventRounds "7"]
[EventCountry "GRE"]
[SourceTitle "CBM 187"]
[Source "ChessBase"]
[SourceDate "2018.12.11"]
[SourceVersion "1"]
[SourceVersionDate "2018.12.11"]
[SourceQuality "1"]
[WhiteTeam "Viking CC"]
[BlackTeam "Dardania"]
[WhiteTeamCountry "ISL"]
[BlackTeamCountry "KOS"]

1. Nf3 Nf6 2. c4 g6 3. Nc3 Bg7 4. g3 0-0 5. Bg2 d6 6. 0-0 c5 7. d4 Nbd7 8. Rb1 Nb6 9. dxc5 dxc5 10. Be3 Nxc4 11. Qxd8 Rxd8 12. Bxc5 Bf5 13. Bxe7 Rd7 14. Bxf6 Bxf6 15. e4 Be6 16. Rfc1 Rad8 17. Nd5 Bxd5 18. exd5 Nb6 19. Nd2 Nxd5 20. Ne4 Be7 21. Nc3 Nxc3 22. Rxc3 Bf6 23. Rc2 Rd2 24. Rxd2 Rxd2 25. Bxb7 Bxb2 26. a4 Bd4 27. Rf1 Bb6 28. Kg2 Kg7 29. h4 h5 30. Bc6 Kf6 31. Kf3 Ke7 32. Bb5 Kf8 33. Be2 Ra2 34. Bb5 f6 35. Kg2 Kg7 36. Kf3 Kh6 37. Kg2 Rd2 38. Be8 Rd8 39. Re1 Rd2 40. Rf1 Ra2 41. Kf3 g5 42. hxg5+ fxg5 43. Kg2 g4 44. Bd7 Kg5 45. Be8 h4 46. gxh4+ Kxh4 47. Bd7 Kg5 48. Kg3 Ra3+ 49. Kg2 Ra2 50. Kg3 Bc7+ 51. Kg2 Rd2 52. Be6 Bb6 53. Kg3 Rd3+ 54. Kg2 Rd4 55. f4+ gxf3+ 56. Rxf3 Rxa4 57. Rf5+ Kg6 58. Kf3 Rb4 59. Rf4 Rxf4+ 1/2-1/2

[Event "ISL-chT 1718"]
[Site "Reykjavik"]
[Date "2018.03.03"]
[Round "8.2"]
[White "Eiriksson, Sigurdur"]
[Black "Thorarinsson, Pall A"]
[Result "0-1"]
[WhiteElo "1866"]
[BlackElo "2275"]
[PlyCount "58"]
[EventDate "2017.10.19"]
[EventType "team-tourn"]
[EventRounds "9"]
[EventCountry "ISL"]
[SourceTitle "EXT 2019"]
[Source "ChessBase"]
[SourceDate "2018.10.10"]
[SourceVersion "1"]
[SourceVersionDate "2018.10.10"]
[SourceQuality "1"]
[WhiteTeam "Akureyri II"]
[BlackTeam "Víkingaklubburinn"]
[WhiteTeamCountry "ISL"]
[BlackTeamCountry "ISL"]

1. d4 Nf6 2. Bf4 g6 3. Nf3 Bg7 4. Nc3 c5 5. d5 d6 6. e4 a6 7. a4 Bg4 8. Be2 Nbd7 9. Qd2 0-0 10. 0-0 Re8 11. Rfe1 Qc7 12. h3 Bxf3 13. Bxf3 Rab8 14. Qe2 c4 15. Qe3 Qa5 16. h4 h5 17. Ne2 Rbc8 18. c3 Nc5 19. Nc1 Nxa4 20. Bd1 b5 21. Qg3 e6 22. Bxd6 exd5 23. Bb4 Qd8 24. Bxa4 bxa4 25. e5 Ne4 26. Qe3 a5 27. Ba3 Rxe5 28. f4 Re6 29. Rd1 Nxc3 0-1

[Event "BCF-chT3N 1718 (4NCL)"]
[Site "England"]
[Date "2018.02.11"]
[Round "6.11"]
[White "Richardson, Alex"]
[Black "Thorarinsson, Pall A"]
[Result "1/2-1/2"]
[WhiteElo "2148"]
[BlackElo "2275"]
[PlyCount "63"]
[EventDate "2017.11.11"]
[EventType "team-swiss"]
[EventRounds "11"]
[EventCountry "ENG"]
[SourceTitle "EXT 2020"]
[Source "ChessBase"]
[SourceDate "2019.10.17"]
[SourceVersion "1"]
[SourceVersionDate "2019.10.17"]
[SourceQuality "1"]
[WhiteTeam "Cheddleton II"]
[BlackTeam "Gonzaga"]
[WhiteTeamCountry "ENG"]
[BlackTeamCountry "IRL"]

1. d4 d6 2. c4 e5 3. d5 f5 4. e4 fxe4 5. Nc3 Nf6 6. Nge2 Nbd7 7. Ng3 Be7 8. Be2 0-0 9. Be3 a6 10. 0-0 Kh8 11. b4 Qe8 12. Rc1 Qg6 13. h3 h6 14. Kh2 b6 15. Qc2 a5 16. a3 axb4 17. axb4 Bb7 18. f3 Ra3 19. fxe4 Rfa8 20. Qb2 Qe8 21. Nf5 Bf8 22. Ra1 Rxa1 23. Rxa1 Rxa1 24. Qxa1 Qb8 25. g4 c6 26. h4 Nxe4 27. Nxe4 cxd5 28. cxd5 Bxd5 29. Nc3 Be6 30. Ng3 d5 31. Nb5 Bxb4 32. g5 1/2-1/2

[Event "BCF-chT3N 1718 (4NCL)"]
[Site "England"]
[Date "2018.01.14"]
[Round "4.11"]
[White "Karas, Marek"]
[Black "Thorarinsson, Pall A"]
[Result "0-1"]
[WhiteElo "2243"]
[BlackElo "2275"]
[PlyCount "94"]
[EventDate "2017.11.11"]
[EventType "team-swiss"]
[EventRounds "11"]
[EventCountry "ENG"]
[SourceTitle "EXT 2020"]
[Source "ChessBase"]
[SourceDate "2019.10.17"]
[SourceVersion "1"]
[SourceVersionDate "2019.10.17"]
[SourceQuality "1"]
[WhiteTeam "Castleford Roses"]
[BlackTeam "Gonzaga"]
[WhiteTeamCountry "ENG"]
[BlackTeamCountry "IRL"]

1. d4 d5 2. c4 dxc4 3. Nf3 a6 4. e3 Nf6 5. Bxc4 e6 6. 0-0 c5 7. dxc5 Qxd1 8. Rxd1 Bxc5 9. Nc3 b5 10. Be2 Bb7 11. Bd2 Nbd7 12. a3 0-0 13. b4 Be7 14. Nd4 Nb6 15. Nb3 Rac8 16. Na5 Ba8 17. f3 Nfd7 18. Rac1 Ne5 19. Nb1 Bd5 20. e4 Bc4 21. Nxc4 Nexc4 22. Kf2 Bf6 23. Bf4 Bb2 24. Rc2 e5 25. Bc1 Bd4+ 26. Kg3 h6 27. f4 exf4+ 28. Bxf4 Bf6 29. Bg4 g5 30. Bc1 Rcd8 31. Nc3 Be5+ 32. Kf2 Bd4+ 33. Kg3 Be5+ 34. Kf2 Bd4+ 35. Kg3 Rfe8 36. Bf3 Bxc3 37. Rxc3 Rxd1 38. Bxd1 Rxe4 39. Bf3 Re7 40. h4 f6 41. hxg5 hxg5 42. Kf2 Kg7 43. Be3 Na4 44. Rd3 Ne5 45. Rd6 g4 46. Be2 Nc3 47. Bd3 Nd1+ 0-1

[Event "ISL-chT 1718"]
[Site "Reykjavik"]
[Date "2017.10.21"]
[Round "4.4"]
[White "Thorsteinsson, Arnar"]
[Black "Thorarinsson, Pall A"]
[Result "1/2-1/2"]
[WhiteElo "2199"]
[BlackElo "2273"]
[PlyCount "66"]
[EventDate "2017.10.19"]
[EventType "team-tourn"]
[EventRounds "9"]
[EventCountry "ISL"]
[SourceTitle "CBM 181 Extra"]
[Source "ChessBase"]
[SourceDate "2017.12.12"]
[SourceVersion "1"]
[SourceVersionDate "2017.12.12"]
[SourceQuality "1"]
[WhiteTeam "Akureyri"]
[BlackTeam "Víkingaklubburinn"]
[WhiteTeamCountry "ISL"]
[BlackTeamCountry "ISL"]

1. e4 d6 2. d4 Nf6 3. Nc3 e5 4. Nf3 Nbd7 5. Bc4 Be7 6. 0-0 0-0 7. h3 c6 8. a4 b6 9. Qe2 Bb7 10. Bg5 a6 11. Bb3 b5 12. Rfe1 Qc7 13. Rad1 Rae8 14. d5 b4 15. dxc6 Bxc6 16. Bxf6 Nxf6 17. Nd5 Bxd5 18. Bxd5 a5 19. b3 Rc8 20. Bc4 Nd7 21. Rd2 Nc5 22. Bd5 g6 23. Qe3 Kg7 24. c3 bxc3 25. Qxc3 Qa7 26. Qe3 h6 27. Red1 Qb6 28. h4 h5 29. g3 Rb8 30. Rc2 Qa7 31. Rcd2 Qb6 32. Rc2 Qa7 33. Rdd2 Qb6 1/2-1/2

[Event "EU-Cup 33rd"]
[Site "Antalya"]
[Date "2017.10.08"]
[Round "1.2"]
[White "Thorarinsson, Pall A"]
[Black "Nikolovski, Nikola"]
[Result "0-1"]
[WhiteElo "2273"]
[BlackElo "2420"]
[PlyCount "53"]
[EventDate "2017.10.08"]
[EventType "team-swiss"]
[EventRounds "7"]
[EventCountry "TUR"]
[SourceTitle "CBM 181"]
[Source "ChessBase"]
[SourceDate "2017.11.10"]
[SourceVersion "1"]
[SourceVersionDate "2017.11.10"]
[SourceQuality "1"]
[WhiteTeam "Viking"]
[BlackTeam "Gambit Asseco See"]
[WhiteTeamCountry "ISL"]
[BlackTeamCountry "MKD"]

1. Nf3 f5 2. d4 Nf6 3. g3 e6 4. Bg2 Be7 5. 0-0 0-0 6. b3 d6 7. Bb2 Ne4 8. Nfd2 Nxd2 9. Nxd2 Bf6 10. e4 Nc6 11. exf5 exf5 12. Nc4 f4 13. Re1 Bf5 14. gxf4 Qd7 15. Ne3 Bh3 16. Qh5 Bxg2 17. Nxg2 Ne7 18. Rad1 Rae8 19. c3 c6 20. Re2 g6 21. Qf3 Rf7 22. Rde1 Ref8 23. Qe4 Qg4 24. Bc1 Nf5 25. Kh1 Qh3 26. Ne3 Nh4 27. Ng2 0-1

[Event "BCF-chT3Sb 1617 (4NCL)"]
[Site "England"]
[Date "2017.03.18"]
[Round "7.81"]
[White "Gallagher, Daniel GH"]
[Black "Thorarinsson, Pall A"]
[Result "1-0"]
[WhiteElo "2230"]
[BlackElo "2281"]
[PlyCount "101"]
[EventDate "2016.11.26"]
[EventType "team-tourn"]
[EventRounds "11"]
[EventCountry "ENG"]
[SourceTitle "EXT 2019"]
[Source "ChessBase"]
[SourceDate "2018.10.10"]
[SourceVersion "1"]
[SourceVersionDate "2018.10.10"]
[SourceQuality "1"]
[WhiteTeam "Anglian Avengers II"]
[BlackTeam "Fermented Sharks"]
[WhiteTeamCountry "ENG"]
[BlackTeamCountry "ENG"]

1. e4 d6 2. d4 Nf6 3. Nc3 g6 4. Bg5 Bg7 5. Qd2 h6 6. Bh4 g5 7. Bg3 Nh5 8. 0-0-0 Nc6 9. d5 Ne5 10. Be2 Nxg3 11. hxg3 c6 12. f4 gxf4 13. gxf4 Ng4 14. Rh4 h5 15. Nf3 Qa5 16. Ng5 Bxc3 17. bxc3 f6 18. Ne6 Bxe6 19. dxe6 Qxa2 20. Qd4 c5 21. Qd5 Qxd5 22. Rxd5 0-0-0 23. Rdxh5 Rxh5 24. Rxh5 Rg8 25. Kd2 a5 26. Rh4 f5 27. exf5 Nf6 28. g4 a4 29. g5 Ne4+ 30. Kd3 d5 31. Bf3 c4+ 32. Ke3 Ng3 33. Kf2 Nxf5 34. Rh1 d4 35. Rb1 Rh8 36. Bxb7+ Kc7 37. Be4 Nd6 38. Bg6 dxc3 39. Ra1 Kc6 40. Rxa4 Kd5 41. Ra5+ Kxe6 42. f5+ Kd7 43. Ra7+ Kc6 44. Rxe7 Rh2+ 45. Kf3 Rxc2 46. f6 Rc1 47. Re2 Rg1 48. Be8+ Kc7 49. g6 Nxe8 50. f7 Rf1+ 51. Kg2 1-0

[Event "ISL-chT 1617"]
[Site "Reykjavik"]
[Date "2017.03.04"]
[Round "9.2"]
[White "Thorarinsson, Pall A"]
[Black "Edvardsson, Kristjan"]
[Result "1/2-1/2"]
[WhiteElo "2281"]
[BlackElo "2196"]
[PlyCount "57"]
[EventDate "2016.09.29"]
[EventType "team-tourn"]
[EventRounds "9"]
[EventCountry "ISL"]
[SourceTitle "EXT 2018"]
[Source "ChessBase"]
[SourceDate "2017.10.13"]
[SourceVersion "1"]
[SourceVersionDate "2017.10.13"]
[SourceQuality "1"]
[WhiteTeam "Vikingaklubburinn"]
[BlackTeam "Huginn II"]
[WhiteTeamCountry "ISL"]
[BlackTeamCountry "ISL"]

1. Nf3 Nf6 2. c4 c6 3. d4 d5 4. cxd5 cxd5 5. Nc3 g6 6. Bf4 Bg7 7. e3 0-0 8. Be2 Nc6 9. Ne5 Qb6 10. Nxc6 bxc6 11. Qd2 Nd7 12. Na4 Qb7 13. Rc1 e5 14. dxe5 Nxe5 15. 0-0 Bf5 16. b3 Rfd8 17. Nc5 Qb6 18. Bg5 Re8 19. h3 h6 20. Bh4 Nd7 21. Na4 Qb7 22. Bd3 Be4 23. Bxe4 Rxe4 24. Bg3 Rc8 25. Rfd1 Bf8 26. f3 Bb4 27. Qd3 Re7 28. Bh4 Re6 29. Bf2 1/2-1/2